| 000 | 00479cam a2200145 4500500 | ||
|---|---|---|---|
| 005 | 20260322001316.0 | ||
| 041 | _afre | ||
| 042 | _adc | ||
| 100 | 1 | 0 |
_aDelouis, Olivier _eauthor |
| 245 | 0 | 0 | _aLe mont Athos, jardin de Byzance |
| 260 | _c2018. | ||
| 500 | _a99 | ||
| 786 | 0 | _nL'Histoire - Les Collections | 80 | 3 | 2018-07-05 | p. 82-86 | 2727-6945 | |
| 856 | 4 | 1 | _uhttps://shs.cairn.info/magazine-hist-l-hisoire-les-collections-2018-3-page-82?lang=fr&redirect-ssocas=7080 |
| 999 |
_c1713679 _d1713679 |
||